000 02142nam1a2200349 i 4500
001 RU\NLR\bibl\217983
005 20260407070809.0
035 _a(NLR Aleph) 000214070
090 _a1243138
_c1243138
100 _a20020110g20019999u y0rusy50 ca
101 0 _arus
102 _aRU
105 _aa |||||||||
200 1 _aИнтеллектуальные системы в машино- и приборостроении
_eКонспект лекций
_f[Кузнецов К.А., Цибизов П.Н.]
_gМ-во образования Рос. Федерации, Пенз. гос. ун-т. [Каф. приборостроения]
210 _aПенза
_cИзд-во Пенз. гос. ун-та
_d2001
215 _d20
300 _aАвт. указаны перед вып. дан.
463 0 _1001213298
606 _aМашиностроение
_jРуководства, пособия и т.п. для высшей школы
_xАвтоматизация
_91125353
_3RU\NLR\auth\66126776
606 _aМашиностроение
_jУчебные издания для высшей школы
_xАвтоматизация
_91125353
_3RU\NLR\auth\66126776
606 0 _aПриборостроение
_jРуководства, пособия и т.п. для высшей школы
_xАвтоматизация
_91125371
_3RU\NLR\auth\66126799
606 0 _aПриборостроение
_jУчебные издания для высшей школы
_xАвтоматизация
_91125371
_3RU\NLR\auth\66126799
686 _aК5-5-05я73-2
700 1 _4070
_7ca
_8rus
_aКузнецов
_bК. А.
_cканд. техн. наук, часовое пр-во
_gКонстантин Алексеевич
_9241447
_3RU\NLR\AUTH\770241503
701 1 _aЦибизов
_bП. Н.
_gПавел Николаевич
_4070
711 0 2 _aПензенский государственный университет
_bКафедра "Приборостроение"
_3RU\NLR\AUTH\8810034311
_9566946
801 0 _aRU
_bNLR
_c20020110
_gPSBO
801 1 _aRU
_bNLR
_c20020110
852 _aNLR
_j2001-4/13036
942 _cBOOK